| 000 | 00398cam a2200157ua 4500 | ||
|---|---|---|---|
| 041 |
_aeng _h |
||
| 082 |
_a910 _bSTA/SO |
||
| 100 | _aStamp, Dudley L . | ||
| 245 | 0 | 0 |
_aSouthern continents: Goegraphy for today / _cDudley L Stamp. _hTextual Documents |
| 260 |
_aLondon : _bLongman , _c1960. |
||
| 300 | _a340 ; . | ||
| 504 | _a | ||
| 700 | 1 | _aSuggate, L S . | |
| 942 | _cBK | ||
| 999 |
_c5943 _d5943 |
||